Kommunikációs készség és nevelés. Benedek Elek a gyermek- és ifjúsági irodalomért. {Benedek Elek pentru literatura pentru copii si tineret}. [Benedek Elek for children's and youth literature]
Elmentve itt :
| Szerző: | |
|---|---|
| Adatforrás: | Meister |
| Forrásdokumentuma: | Korunk. - 2002. 10, 59-63. |
| Nyelv: | magyar |
| Kulcsszavak: | irodalomtörténet gyermekirodalom istoria literaturii literatura pentru copii history of literature children's literature BENEDEK Elek |
| LEADER | 00699nab a2200193 i 4500 | ||
|---|---|---|---|
| 001 | bibPRO00012897 | ||
| 008 | 080908s2002 xx hun | ||
| 040 | |a Sz1 | ||
| 041 | |a hun | ||
| 100 | 1 | |a SZABÓ Zsolt | |
| 245 | 1 | 0 | |a Kommunikációs készség és nevelés. Benedek Elek a gyermek- és ifjúsági irodalomért. {Benedek Elek pentru literatura pentru copii si tineret}. [Benedek Elek for children's and youth literature] |c SZABÓ Zsolt |
| 695 | |a irodalomtörténet | ||
| 695 | |a gyermekirodalom | ||
| 695 | |a istoria literaturii | ||
| 695 | |a literatura pentru copii | ||
| 695 | |a history of literature | ||
| 695 | |a children's literature | ||
| 695 | |a BENEDEK Elek | ||
| 773 | 0 | |t Korunk. - |g 2002. 10, 59-63. | |